| 000 | 01109nam a22002417a 4500 | ||
|---|---|---|---|
| 005 | 20110712113829.0 | ||
| 008 | 110712t xxu||||| |||| 00| 0 mar d | ||
| 010 | _aMAR-21077 | ||
| 020 | _c75.00 | ||
| 035 | _aMR-13735 | ||
| 037 | _bDBAD/PUB | ||
| 040 |
_aDPL _bMR |
||
| 082 | _a891.46301 | ||
| 100 |
_aनिंबर्ते,मुकुंद _929492 |
||
| 245 |
_aउन्हाळयांतील उन्हेंत / _cमुकुंद निंबर्ते |
||
| 246 |
_aUnahalayatil Unheant _bby Mukund Nimbarte |
||
| 250 | _aसातवी आवृती | ||
| 260 |
_aपुणे _bस्किल टुडे _c2010 |
||
| 270 |
_aश्री कृपा ब्लिडिंग,सांगवी(जुनी) _bपुणे _e411027 |
||
| 300 |
_aviii,111पृ _b22सेमी(अजिल्द) |
||
| 942 |
_2ddc _cMR _h891.46301 _mनिंबर्ते |
||
| 999 |
_c53806 _d53806 |
||